Statistics for Air Arabia Destinations-Sharjah

Click here to take the quiz!

General Stats

  • This quiz has been taken 10 times
  • The average score is 49 of 68

Answer Stats

Country Airport % Correct
AfghanistanKabul
100%
PakistanKarachi
100%
KazakhstanAlmaty
100%
KenyaNairobi
100%
KuwaitKuwait City
100%
LebanonBeirut
100%
NepalKathmandu
100%
OmanMuscat
100%
PakistanIslamabad
100%
PakistanLahore
100%
IndiaMumbai
100%
RussiaMoscow-Domodedovo
100%
Saudi ArabiaDammam
100%
Saudi ArabiaJeddah
100%
Saudi ArabiaMedina
100%
Saudi ArabiaRiyadh
100%
Sri LankaColombo
100%
TurkeyIstanbul-Sabiha Gökçen
100%
IranTehran
100%
JordanAmman
100%
UkraineKiev
100%
AzerbaijanBaku
100%
BangladeshDhaka
100%
CzechiaPrague
100%
EgyptAlexandria
100%
EgyptCairo
100%
IndiaDelhi
100%
IndiaChennai
89%
SudanKhartoum
89%
BangladeshChittagong
89%
IndiaJaipur
89%
GeorgiaTbilisi
89%
IndiaAhmedabad
89%
IndiaBangalore
89%
IndiaHyderabad
89%
ArmeniaYerevan
89%
IndiaNagpur
89%
IraqBaghdad
89%
IndiaCoimbatore
78%
PakistanMultan
78%
IndiaGoa
78%
BahrainBahrain
78%
IranMashhad
78%
IndiaCochin
78%
PakistanPeshawar
78%
EritreaAsmara
67%
OmanSalalah
67%
PakistanFaisalabad
67%
IraqErbil
67%
IranShiraz
56%
PakistanQuetta
56%
IndiaThiruvananthapuram
56%
IndiaKozhikode
56%
Saudi ArabiaTaif
33%
SomaliaHargeisa
33%
PakistanSialkot
33%
IraqNajaf
33%
Saudi ArabiaAbha
22%
Saudi ArabiaAl Qassim
11%
EgyptSohag
11%
OmanSohar
11%
IraqSulaymaniyah
11%
Saudi ArabiaYanbu
11%
Saudi ArabiaHa'Il
11%
Saudi ArabiaJizan
0%
Saudi ArabiaSakaka
0%
IranLar
0%
EgyptAssiut
0%

Score Distribution

Percentile by Number Answered

Percent of People with Each Score

Your Score History

You have not taken this quiz